000
00235nam a2200097Ia 4500
001
915270
005
20250826185831.0
008
250824s9999 xx 000 0 und d
245
0
_a
HALİME KAPTAN
_c
RIFAT ILGAZ
260
_b
ÇINAR YAYINLARI
999
_c
915270
_d
915270